<?xml version="1.0" encoding="UTF-8"?>
<record
    xmlns:xsi="http://www.w3.org/2001/XMLSchema-instance"
    xsi:schemaLocation="http://www.loc.gov/MARC21/slim http://www.loc.gov/standards/marcxml/schema/MARC21slim.xsd"
    xmlns="http://www.loc.gov/MARC21/slim">

  <leader>02706cam a2200301 a 4500</leader>
  <controlfield tag="001">15067404</controlfield>
  <controlfield tag="003">OSt</controlfield>
  <controlfield tag="005">20170105101201.0</controlfield>
  <controlfield tag="008">071101s2009    nyu           000 0 eng d</controlfield>
  <datafield tag="010" ind1=" " ind2=" ">
    <subfield code="a">  2007045403</subfield>
  </datafield>
  <datafield tag="020" ind1=" " ind2=" ">
    <subfield code="a">9780805861914</subfield>
  </datafield>
  <datafield tag="020" ind1=" " ind2=" ">
    <subfield code="a">9780805861921</subfield>
  </datafield>
  <datafield tag="020" ind1=" " ind2=" ">
    <subfield code="a">9781410615480</subfield>
  </datafield>
  <datafield tag="040" ind1=" " ind2=" ">
    <subfield code="a">DLC</subfield>
    <subfield code="c">DLC</subfield>
    <subfield code="d">DLC</subfield>
  </datafield>
  <datafield tag="050" ind1="0" ind2="0">
    <subfield code="a">P94</subfield>
    <subfield code="b">.H355 2009</subfield>
  </datafield>
  <datafield tag="082" ind1="0" ind2="0">
    <subfield code="a">175</subfield>
    <subfield code="2">22</subfield>
  </datafield>
  <datafield tag="245" ind1="0" ind2="4">
    <subfield code="a">The handbook of mass media ethics /</subfield>
    <subfield code="c">edited by Lee Wilkins and Clifford G. Christians.</subfield>
  </datafield>
  <datafield tag="260" ind1=" " ind2=" ">
    <subfield code="a">New York :</subfield>
    <subfield code="b">Routledge,</subfield>
    <subfield code="c">2009.</subfield>
  </datafield>
  <datafield tag="300" ind1=" " ind2=" ">
    <subfield code="a">xiv, 398 p. ;</subfield>
    <subfield code="c">27 cm.</subfield>
  </datafield>
  <datafield tag="505" ind1="0" ind2=" ">
    <subfield code="a">A philosophically based inquiry into the nature of communicating humans / Wayne Woodward -- A short history of media ethics in the United States / John P. Ferre -- Essential shared values and 21st century journalism / Deni Elliott -- Moral development / Renita Coleman and Lee Wilkins -- The search for universals / Clifford G. Christians and Thomas W. Cooper -- Truth and objectivity / Stephen J. A. Ward -- Photojournalism ethics / Julianne H. Newton -- Why diversity is an ethical issue / Ginny Whitehouse -- The ethics of advocacy / Sherry Baker -- The ethics of propaganda and the propaganda of ethics / Jay Black -- Perspectives on pornography demand ethical critique / Wendy Wyatt and Kris E. Bunton -- Violence / Patrick Plaisance -- The eroding boundaries between news and entertainment and what they mean for democratic politics / Bruce A. Williams and Michael X. Delli Carpini -- What can we get away with / Angharad N. Valdivia -- Justice as a journalistic value and goal / David A. Craig -- Transparency in journalism / Stephanie Craft and Kyle Heim -- Conflict of interest enters a new age / Edward Wasserman -- Digital ethics in autonomous systems / Michael Bugeja -- Peace journalism / Seow Ting Lee -- Privacy and the press / Lou Hodges -- Buddhist moral ethics / S. Holly Stocking -- Communitarianism / Mark Fackler -- Freedom of expression and the liberal democratic tradition / G. Stuart Adam -- Feminist media ethics / Linda Steiner -- Media ownership in a corporate age / Matthew P. McAllister and Jennifer M. Proffitt -- Ethical tensions in news making / Sandra L. Borden and Peggy Bowers -- The media in evil circumstances / Robert S. Fortner -- Global media ecology / Mark D. Alleyne.</subfield>
  </datafield>
  <datafield tag="650" ind1=" " ind2="0">
    <subfield code="a">Mass media</subfield>
    <subfield code="x">Moral and ethical aspects.</subfield>
  </datafield>
  <datafield tag="700" ind1="1" ind2=" ">
    <subfield code="a">Wilkins, Lee.</subfield>
  </datafield>
  <datafield tag="700" ind1="1" ind2=" ">
    <subfield code="a">Christians, Clifford G.</subfield>
  </datafield>
  <datafield tag="856" ind1="4" ind2="1">
    <subfield code="3">Table of contents only</subfield>
    <subfield code="u">http://www.loc.gov/catdir/toc/ecip084/2007045403.html</subfield>
  </datafield>
  <datafield tag="906" ind1=" " ind2=" ">
    <subfield code="a">7</subfield>
    <subfield code="b">cbc</subfield>
    <subfield code="c">orignew</subfield>
    <subfield code="d">1</subfield>
    <subfield code="e">ecip</subfield>
    <subfield code="f">20</subfield>
    <subfield code="g">y-gencatlg</subfield>
  </datafield>
  <datafield tag="942" ind1=" " ind2=" ">
    <subfield code="2">ddc</subfield>
    <subfield code="c">BK</subfield>
  </datafield>
  <datafield tag="999" ind1=" " ind2=" ">
    <subfield code="c">2795</subfield>
    <subfield code="d">2795</subfield>
  </datafield>
  <datafield tag="952" ind1=" " ind2=" ">
    <subfield code="0">0</subfield>
    <subfield code="1">0</subfield>
    <subfield code="2">ddc</subfield>
    <subfield code="4">0</subfield>
    <subfield code="7">0</subfield>
    <subfield code="8">NFIC</subfield>
    <subfield code="a">CL</subfield>
    <subfield code="b">CL</subfield>
    <subfield code="c">GEN</subfield>
    <subfield code="d">2016-03-18</subfield>
    <subfield code="l">1</subfield>
    <subfield code="m">2</subfield>
    <subfield code="o">175 WIL</subfield>
    <subfield code="p">S3H-P-107</subfield>
    <subfield code="r">2021-11-18</subfield>
    <subfield code="s">2021-07-31</subfield>
    <subfield code="w">2016-03-18</subfield>
    <subfield code="y">BK</subfield>
  </datafield>
  <datafield tag="952" ind1=" " ind2=" ">
    <subfield code="0">0</subfield>
    <subfield code="1">0</subfield>
    <subfield code="2">ddc</subfield>
    <subfield code="4">0</subfield>
    <subfield code="7">0</subfield>
    <subfield code="8">NFIC</subfield>
    <subfield code="a">CL</subfield>
    <subfield code="b">CL</subfield>
    <subfield code="c">GEN</subfield>
    <subfield code="d">2016-03-18</subfield>
    <subfield code="l">1</subfield>
    <subfield code="o">175 WIL</subfield>
    <subfield code="p">S3H-P-108</subfield>
    <subfield code="r">2017-07-22</subfield>
    <subfield code="s">2017-07-22</subfield>
    <subfield code="w">2016-03-18</subfield>
    <subfield code="y">BK</subfield>
  </datafield>
</record>
